Geography Quiz

Random Geography or City Quiz

Top 10 four-letter cities containing C Quiz Stats

Quiz not verified by Sporcle

Challenge
Share
Tweet
Embed
Score 0/10 Timer 04:00
0 Plays Today
POPULATION CITY % Correct
2,308,100Cali
71.4%
866,171Cebu
66.1%
119,230Cork
53.6%
343,629Nice
51.8%
1,059,942Cixi
41.1%
129,030Waco
39.3%
146,581Pecs
25%
151,088Cary
19.6%
388,000Xico
16.1%
195,496Coro
8.9%

You're not logged in!

Compare scores with friends on all Sporcle quizzes.
Join for Free
OR
Log In

You Might Also Like...

Show Comments

Extras

Top Quizzes Today


Score Distribution

Your Account Isn't Verified!

In order to create a playlist on Sporcle, you need to verify the email address you used during registration. Go to your Sporcle Settings to finish the process.

Report this User

Report this user for behavior that violates our Community Guidelines.

Details: